[Event "It (open)"]
[Site "masterchessopen.com Malaga (Spain)"]
[Date "2004.02.27"]
[Round "8"]
[White "Bellon Lopez Juan Manuel (ESP)"]
[Black "Suba Mihai (ROM)"]
[Result "0-1"]
[WhiteElo "2425"]
[BlackElo "2516"]

{ Bellon Lopez Juan Manuel (ESP) +3 =6 -1 } 1.d4 { 1 } 1...Nf6 2.Nf3 e6 3.c4
Bb4+ 4.Nbd2 b6 5.e3 { ?/= } ( 5.a3 Bxd2+ 6.Bxd2 Bb7 7.g3 O-O 8.Bg2 d6 9.O-O
Nbd7 10.Bg5 h6 11.Bxf6 Nxf6 12.e3 Qe7 13.Re1 c5 14.b4 Rfd8 15.Nd2 Bxg2 16.Kxg2
d5 17.cxd5 Rxd5 18.bxc5 bxc5 19.Nf3 cxd4 20.exd4 Rad8 21.Re5 R5d6 22.a4 Nd7
23.Re2 Nb8 24.Rc1 Nc6 { ...1/2-1/2, Bellon Lopez Juan Manuel 2415 - Ulibin
Mikhail 2560 , Oviedo 1993 It (active) } ) 5...c5 ( 5...Bb7 6.Bd3 O-O 7.O-O d5
8.a3 Be7 9.b4 c5 10.bxc5 bxc5 11.Rb1 Ba6 12.Ne5 cxd4 13.exd4 Qc8 14.Bb2 Nbd7
15.Qf3 Bb7 16.Qh3 dxc4 17.Rfc1 cxd3 18.Rxc8 Raxc8 19.Nxd7 Nxd7 20.Qxd3 Bd5
21.Bc3 Bxa3 22.Ra1 Bd6 23.Rxa7 { 1/2-1/2, Dreev Alexey 2670 - Karpov Anatoly
2775 , Linares 1995 It (cat.17) } ) ( 5...O-O 6.Bd3 Bb7 7.O-O d5 8.a3 Bd6 9.b4
c5 10.bxc5 bxc5 11.Rb1 Qc7 12.Bb2 cxd4 13.Bxd4 Nbd7 14.cxd5 e5 15.Ba1 Bxd5
16.e4 Be6 17.Ng5 Bg4 18.f3 h6 19.Nxf7 Bc5+ 20.Kh1 Be6 21.Nxh6+ gxh6 22.f4 exf4
23.e5 Nxe5 24.Ne4 Nxe4 25.Bxe4 { ...1/2-1/2, Dreev Alexey 2650 - Nikolic
Predrag 2655 , Munich 1994 It "Expressz" } ) 6.Bd3 cxd4 { N ^254 ^00 ^00 ^00
^04 !? } ( 6...Bb7 7.O-O ( 7.a3 Bxd2+ 8.Bxd2 d6 9.dxc5 dxc5 10.Qc2 Nbd7 11.Bc3
Qe7 12.O-O-O O-O-O 13.Rd2 g6 14.Ne5 Rhe8 15.Qa4 Nxe5 16.Bxe5 a6 17.f3 Nd7
18.Bg3 e5 19.Be4 Bxe4 20.fxe4 Nb8 21.Rd5 Qg5 22.Kd2 h5 23.Rg1 h4 24.Be1 Qg4
25.Qc2 h3 26.Kc1 { ...1/2-1/2, Grooten Herman 2405 - Smyslov Vassily 2530 ,
Tilburg 1992 It (play-off) "Interpolis" } ) 7...O-O 8.b3 cxd4 9.exd4 d5 10.Bb2
Nc6 11.Qe2 Ne7 12.Ne5 Ng6 13.f4 Qe7 14.Rad1 a5 15.a4 Rac8 16.Qe3 Qe8 17.Ra1
Rc7 18.Ndf3 Qa8 19.Rac1 dxc4 20.bxc4 Be4 21.Be2 Ne7 22.g4 h6 23.h3 Bh7 24.Nd3
h5 25.Ng5 Be4 26.Nxb4 { ...1-0, Kurajica Bojan 2595 - Pogorelov Ruslan 2445 ,
Linares 1995 It (open) } ) ( 6...Nc6 7.O-O O-O 8.a3 Bxd2 9.Bxd2 Qe7 10.Bc3 h6
11.Bc2 d6 12.d5 exd5 13.cxd5 Ne5 14.Nxe5 dxe5 15.b4 Ba6 16.Re1 Rfd8 17.e4 Rac8
18.Bb3 cxb4 19.Bxb4 Qd7 20.Ba4 Qc7 21.Qf3 Ne8 22.Qf5 b5 23.Bb3 Bb7 24.Rad1 a5
25.d6 Qd7 26.Bxa5 { ...1-0, Ulak Slawomir 2310 - Kaunas Kestutis 2345 ,
Frydek-Mistek 1996 It (open) } ) ( 6...O-O 7.O-O Nc6 8.a3 Bxd2 9.Bxd2 d5
10.Rc1 Bb7 11.dxc5 bxc5 12.Bc3 dxc4 13.Bxc4 Nd5 14.Bxd5 exd5 15.b4 cxb4
16.axb4 a6 17.Nd4 Ne5 18.Qh5 Re8 19.Rfd1 f6 20.Nb3 Qe7 21.Nc5 Rad8 22.Rd4 Nf7
23.Rh4 Ng5 24.Bd4 Bc8 25.f4 g6 26.Qh6 { ...1-0, Short Philip M 2298 - Rossiter
Philip J 2376 , Dublin 1993 it (open) (zt) } ) 7.exd4 Bb7 ( 7...O-O 8.O-O Bb7
9.a3 Be7 10.b3 d6 11.Bb2 Nbd7 12.Re1 Re8 13.b4 Bf8 14.Nb3 Qc7 15.Rc1 Rac8
16.h3 Qb8 17.Nh2 Rcd8 18.Ng4 e5 19.Bf5 Qa8 20.Ne3 g6 21.Bb1 Bh6 22.dxe5 dxe5
23.Qe2 Nf8 24.Rcd1 Rxd1 25.Rxd1 Ne6 26.Qf1 Nf4 27.g3 { ...0-1, Reeh Oliver
2470 - Seul Georg 2457 , Germany 1991 Bundesliga 1990/91 } ) 8.O-O O-O 9.a3
Be7 ( 9...Bxd2 10.Bxd2 Be4 11.Bg5 Bxd3 12.Qxd3 h6 13.Bh4 d6 14.Nd2 Nbd7 15.b4
Qc7 16.Rac1 Rfe8 17.f4 Qb7 18.Rfe1 Rac8 19.a4 a6 20.Bxf6 Nxf6 21.b5 axb5
22.axb5 Rc7 23.Rc2 Ra8 24.h3 Qc8 25.Rec1 Ra4 26.Kh2 Qb8 27.Kh1 Rca7 28.Rc3 Ra2
29.Ne4 { ...0-1, Holm Sejer 2395 - Bednarski Jacek B 2385 , Denmark 1980 It
"Fyn" } ) 10.b3 d5 ( 10...d6 11.Bb2 Nbd7 12.Re1 Re8 13.b4 Rc8 14.Qb3 Qc7 15.a4
Bf8 16.a5 g6 17.axb6 axb6 18.Ra7 Ra8 19.Rxa8 Bxa8 20.Bf1 Bg7 21.g3 Bb7 22.Bg2
Rc8 23.Rc1 Bh6 24.Rc2 Bd5 25.Rc3 Ba8 26.Nb1 e5 27.Qd1 Re8 28.Na3 Qb8 29.d5 Bb7
30.Bc1 { ...0-1, Olafsson Helgi 2494 - Hansen Sune Berg 2558 , Gentofte 1999
Ch Nordic } ) 11.Bb2 ( 11.Qe2 Nbd7 12.Bb2 dxc4 13.bxc4 Re8 14.Rac1 Bf8 15.h3
Qc7 16.Rfe1 Rac8 17.Bb1 Qb8 18.Ng5 Qf4 19.Nge4 Nxe4 20.Nxe4 f5 21.Ng3 Bd6
22.Qd3 Nf6 23.Nf1 Ne4 24.Re2 Qg5 25.d5 exd5 26.Ba2 Kh8 27.Rce1 Red8 28.cxd5
Bb8 29.Ne3 Qf4 30.Nf1 Qd6 { ...1-0, Portisch Lajos 2625 - Hmadi Slaheddine
2250 , Tunisia 1985 Izt } ) 11...Nc6 12.Qe2 Rc8 ( 12...g6 13.Rac1 Rc8 14.Rfd1
Re8 15.Bb1 Nh5 16.Qe3 Bd6 17.g3 a5 18.c5 Bf8 19.cxb6 Qxb6 20.g4 Nf6 21.Qf4 Nd7
22.h4 Bg7 23.Ne5 Ncxe5 24.dxe5 Ba6 25.Bd4 Qb8 26.Nf3 f6 27.Rxc8 Rxc8 28.Re1
fxe5 29.Nxe5 Nxe5 30.Rxe5 Qc7 31.Kh2 Rf8 32.Qe3 { ...0-1, Ferro Ezequiel 2153
- Giaccio Alfredo 2463 , Buenos Aires 2001 Ch Argentina (1/2 final) } ) (
12...Bd6 13.Ne5 dxc4 14.bxc4 Bxe5 15.dxe5 Nd7 16.Nf3 Nc5 17.Bc2 Qe7 18.Rad1
Rfd8 19.Rd6 Na5 20.Rfd1 Bxf3 21.gxf3 Nab7 22.R6d4 Rxd4 23.Rxd4 h5 24.f4 g6
25.Bc3 Rd8 26.Qd2 Rxd4 27.Qxd4 Qh4 28.Qe3 Qd8 29.Qg3 Qd7 30.Qg5 Nd8 31.Qh6 Qe8
32.f5 { ...1-0, Franco Ocampos Zenon 2474 - Zelcic Robert 2561 , Saint Vincent
1999 It (open) } ) 13.Rac1 ( 13.Rad1 Qc7 14.Rfe1 Rfd8 15.Ng5 Bd6 16.Ndf3 h6
17.Nh3 Bf8 18.Ne5 dxc4 19.bxc4 Nxe5 20.dxe5 Nd7 21.Nf4 Nc5 22.Bb1 Rxd1 23.Qxd1
Qd8 24.Qe2 g6 25.Rd1 Qg5 26.Bc1 Bg7 27.Nd5 Qxe5 28.Ne7+ Kh7 29.Qxe5 Bxe5
30.Nxc8 Bxc8 31.Be3 Nd7 32.Be4 Nf6 { ...1-0, Watson John L 2362 - Orlov Georgi
2510 , Reno 1994 It "Western States Open" } ) ( 13.h3 Re8 14.Qe3 Bf8 15.Rad1
Rc7 16.Ne5 Na5 17.f4 g6 18.Kh2 dxc4 19.bxc4 b5 20.c5 a6 21.Qe2 Nc6 22.Nb3 Bg7
23.Bc2 h5 24.Bc3 Nd5 25.Be1 Rc8 26.g3 Bh6 27.Bd2 Nde7 28.Nxf7 Kxf7 29.f5 exf5
30.Bxh6 Ng8 31.Be3 Qd5 32.Qd2 Nb4 { ...1-0, Salnikov Alexander 2095 -
Tikzhanov Erlam 2317 , Omsk 1996 Cup Russia (open) } ) 13...dxc4 14.bxc4 Re8 (
14...Na5 15.Rfe1 Bd6 16.Ne5 { } ) 15.h3 { N } ( 15.Rfe1 Bf8 16.Bb1 g6 17.Ba2
Bg7 18.Qe3 Ne7 19.Qb3 Nf5 20.Rcd1 Qd6 21.Bb1 Qf4 22.Bc3 Red8 23.Qb2 Bxf3
24.Nxf3 Nd6 25.Ba2 Nxc4 26.Bxc4 Rxc4 27.Ne5 Rcc8 28.Rd3 Ng4 29.g3 Nxe5 30.dxe5
Qc4 31.Rf3 Rd3 32.Rxd3 Qxd3 33.Bb4 Rc2 34.Qb1 Qf5 { ...1-0, Volke Karsten 2455
- Hoffmann Michael 2054 , Germany 1997 Bundesliga 1997/98 } ) ( 15.Rfd1 Bf8
16.h3 g6 17.Qe3 Bg7 18.Ne5 Qe7 19.f4 Bh6 20.Nxc6 Rxc6 21.Re1 Bg7 22.Nf3 Rc7
23.Qf2 Qf8 24.Ne5 Rec8 25.Rc2 Nd7 26.Ng4 Nf6 27.Ne5 Nd7 28.Ng4 Nf6 { 1/2-1/2,
Rodriguez Orestes 2440 - Vehi Bach Victor M 2455 , Platja d'Aro Barcino 1994
It } ) 15...Bf8 16.Qe3 g6 17.Rfd1 Bg7 18.Ne5 Nxe5 { N } ( 18...Qe7 19.f4 Bh6
20.Nxc6 Rxc6 21.Re1 Bg7 22.Nf3 Rc7 23.Qf2 Qf8 24.Ne5 Rec8 25.Rc2 Nd7 26.Ng4
Nf6 27.Ne5 Nd7 28.Ng4 Nf6 { 1/2-1/2, Rodriguez Orestes 2440 - Vehi Bach Victor
M 2455 , Platja d'Aro Barcino 1994 It } ) 19.dxe5 Qe7 { ?? } ( { ? } 19...Nd7
20.Ne4 Bxe4 21.Bxe4 Qc7 { } ) 20.c5 { ?? } ( { ? } 20.exf6 Bxf6 21.Bxf6 Qxf6
22.Be4 { } ) {#R} 0-1

[Event "Ch Russia (juniors) (under 16) (g)"]
[Site "masterchessopen.com Dagomys (Russia)"]
[Round "5"]
[White "Nebolsina Vera (RUS)"]
[Black "Cherepovskaya Margarita (RUS)"]
[Result "1-0"]
[WhiteElo "2218"]
[BlackElo "2083"]

1.d4 Nf6 2.Nf3 e6 3.c4 Bb4+ 4.Bd2 c5 5.Bxb4 cxb4 6.a3 bxa3 7.Rxa3 b6 8.Nc3 O-O
9.e3 Bb7 10.Bd3 d6 11.O-O Qe7 12.e4 e5 13.Nd5 Nxd5 14.cxd5 Nd7 15.Bb5 exd4
16.Nxd4 a6 17.Nf5 Qd8 18.Bxd7 {#r} 1-0

[Event "It (open)"]
[Site "masterchessopen.com Sao Paulo (Brazil)"]
[Date "2004.05.12"]
[Round "7"]
[White "De Souza Haro Paulo Cezar (BRA)"]
[Black "Chang Suzana (BRA)"]
[Result "1-0"]
[WhiteElo "2263"]
[BlackElo "2095"]

1.d4 Nf6 2.Nf3 e6 3.c4 Bb4+ 4.Nbd2 O-O 5.a3 Be7 6.e4 d5 7.Bd3 c5 8.e5 Nfd7
9.O-O Nc6 10.Qe2 Nxd4 11.Nxd4 cxd4 12.cxd5 exd5 13.Nf3 Nc5 14.Nxd4 Nxd3
15.Qxd3 Bc5 16.Nb3 Qb6 17.Bd2 Bf5 18.Qg3 Rac8 19.Nxc5 Qxc5 20.Bb4 {#r} 1-0

[Event "It (open)"]
[Site "masterchessopen.com Ditzingen (Germany)"]
[Date "2004.05.20"]
[Round "1"]
[White "Albrecht Holger (GER)"]
[Black "Bauer Dieter (GER)"]
[Result "1-0"]
[WhiteElo "2263"]
[BlackElo "1955"]

1.d4 Nf6 2.c4 e6 3.Nf3 Bb4+ 4.Bd2 Qe7 5.Qc2 Bxd2+ 6.Nbxd2 c5 7.e4 d6 8.e5 dxe5
9.dxe5 Nfd7 10.Ne4 O-O 11.Bd3 Nc6 12.Qc3 f6 13.exf6 gxf6 14.O-O-O Nb4 15.Bb1
Qg7 16.Qe3 b6 17.Rd6 Rd8 18.Rxe6 Ne5 19.Nxf6+ Kf7 20.Qxe5 Bxe6 21.Ng5+ {#r}
1-0

[Event "Ch Paris (open)"]
[Site "masterchessopen.com Paris (France)"]
[Date "2004.07.09"]
[Round "7"]
[White "Pert Nicholas (ENG)"]
[Black "Bagheri Amir (FRA)"]
[Result "0-1"]
[WhiteElo "2501"]
[BlackElo "2496"]

1.d4 Nf6 2.Nf3 e6 3.c4 Bb4+ 4.Bd2 c5 5.Bxb4 cxb4 6.a3 Nc6 7.d5 exd5 8.cxd5 Ne7
9.d6 Nc6 10.axb4 Nxb4 11.Qd2 a5 12.Nc3 O-O 13.e3 b6 14.Be2 Bb7 15.O-O Rc8
16.Nd4 Rc5 17.f3 Ne8 18.Ndb5 Qh4 19.e4 Rh5 20.h3 Qg3 21.Qe1 Qg6 22.Qf2 Rxh3
23.Qxb6 Qg3 24.Qxb7 Rh2 {#R} 0-1

[Event "Ch Croatia (juniors) (under 19)"]
[Site "masterchessopen.com Rabac (Croatia)"]
[Date "2004.07.21"]
[Round "5"]
[White "Glazar Domagoj (CRO)"]
[Black "Plenkovic Bozidar (CRO)"]
[Result "0-1"]
[WhiteElo "1971"]
[BlackElo "2155"]

1.d4 Nf6 2.Nf3 e6 3.c4 Bb4+ 4.Bd2 Qe7 5.Nc3 c5 6.e3 O-O 7.Bd3 d6 8.O-O e5
9.dxe5 dxe5 10.e4 Bxc3 11.Bxc3 Nc6 12.Qc2 Rd8 13.h3 Nh5 14.Bd2 h6 15.a3 Qf6
16.b4 Bxh3 17.Be2 Bg4 18.b5 Bxf3 19.bxc6 Bxe2 20.cxb7 Rab8 21.Ba5 Bxf1 22.Bxd8
Qxd8 23.Rxf1 Rxb7 24.Rd1 Qg5 {#R} 0-1

[Event "It \"]
[Site "masterchessopen.com Copenhagen (Denmark)"]
[Date "2004.07.28"]
[Round "6"]
[White "Rosenkilde Alexander (DEN)"]
[Black "Christensen Aage Niels (DEN)"]
[Result "1-0"]
[WhiteElo "2007"]
[BlackElo "1890"]

1.d4 Nf6 2.c4 e6 3.Nf3 Bb4+ 4.Nbd2 c5 5.a3 Bxd2+ 6.Bxd2 cxd4 7.Nxd4 O-O 8.Bb4
Re8 9.Nb5 Na6 10.Nd6 Re7 11.Nxc8 Rxc8 12.Bxe7 Qxe7 13.e3 Nc5 14.Be2 Rd8 15.O-O
d5 16.Qc2 Nce4 17.Rac1 Rc8 18.Qa4 Qc7 19.f3 Qb6 20.c5 Qxb2 21.Rc2 Nc3 22.Rxb2
Nxa4 23.Rxb7 g6 24.Rc1 {#r} 1-0

[Event "It (open)"]
[Site "masterchessopen.com Plzen (Czech Republic)"]
[Round "5"]
[White "Kudlacek Jaroslav (CZE)"]
[Black "Cifka Stanislav (CZE)"]
[Result "0-1"]
[WhiteElo "2039"]
[BlackElo "2302"]

1.d4 e6 2.c4 Nf6 3.Nf3 Bb4+ 4.Bd2 Qe7 5.a3 Bxd2+ 6.Nbxd2 d6 7.e3 e5 8.dxe5
dxe5 9.e4 Nc6 10.Be2 Bg4 11.h3 Bxf3 12.Bxf3 O-O 13.O-O Rfd8 14.Qe1 a5 15.Qe3
Nd4 16.Rad1 a4 17.Nb1 Qe6 18.Qc3 Nxf3+ 19.gxf3 Nh5 20.Rfe1 {#R} 0-1

[Event "Ch Croatia (team) (1st league) (juniors)"]
[Site "masterchessopen.com Rabac (Croatia)"]
[Date "2004.09.11"]
[Round "7"]
[White "Pavic Jakov (CRO)"]
[Black "Plenkovic Bozidar (CRO)"]
[Result "1-0"]
[WhiteElo "2016"]
[BlackElo "2155"]

1.d4 Nf6 2.c4 e6 3.Nf3 Bb4+ 4.Bd2 Qe7 5.e3 b6 6.Bxb4 Qxb4+ 7.Qd2 Qe7 8.Nc3 O-O
9.Bd3 d6 10.O-O c5 11.a3 Nc6 12.Qe2 a6 13.Rab1 e5 14.d5 Nb8 15.Nd2 Ng4 16.Na4
Nd7 17.Qxg4 b5 18.cxb5 axb5 19.Bxb5 Nb6 20.Qd1 Nxd5 21.Nc4 Bb7 22.Nab6 Nxb6
23.Nxb6 Qg5 {#r} 1-0

[Event "It (open)"]
[Site "masterchessopen.com San Sebastian (Spain)"]
[Date "2004.09.27"]
[Round "3"]
[White "Guerrero Itarte Alfredo (ESP)"]
[Black "Argandona Rivero Inigo (ESP)"]
[Result "0-1"]
[WhiteElo "1866"]
[BlackElo "2358"]

1.d4 Nf6 2.Nf3 e6 3.c4 Bb4+ 4.Bd2 a5 5.Nc3 O-O 6.a3 Bxc3 7.Bxc3 b6 8.e3 Bb7
9.Be2 d6 10.b3 Ne4 11.Bb2 f5 12.d5 e5 13.Nd2 Nd7 14.O-O Qe7 15.f4 exf4 16.exf4
Nc3 17.Bxc3 Qe3+ 18.Rf2 Qxc3 19.Nf3 Nc5 20.Qd4 Qxb3 21.Bd1 Qd3 22.Bc2 Qxd4
23.Nxd4 {#R} 0-1

[Event "Memorial T.Petrosian (open)"]
[Site "masterchessopen.com Krasnodar (Russia)"]
[Round "7"]
[White "Bedia Melor (RUS)"]
[Black "Bratkovskiy Dmitry (RUS)"]
[Result "1-0"]
[WhiteElo "2384"]
[BlackElo "2235"]

1.d4 Nf6 2.c4 e6 3.Nf3 Bb4+ 4.Bd2 Bxd2+ 5.Qxd2 Ne4 6.Qc2 f5 7.Nc3 Nxc3 8.Qxc3
O-O 9.e3 d5 10.Bd3 Nd7 11.O-O-O c6 12.Kb1 Qe7 13.Qc2 dxc4 14.Bxc4 b5 15.Bd3
Bb7 16.e4 c5 17.exf5 exf5 18.Rhe1 Qf6 19.Bxb5 Be4 20.Rxe4 fxe4 21.Qxe4 Qd6
22.Ng5 Nf6 23.Bc4+ Kh8 24.Qxa8 {#r} 1-0

[Event "Bayern Regionalliga Southeast 2004/05"]
[Site "masterchessopen.com Bayern (Germany)"]
[Date "2004.10.24"]
[Round "1"]
[White "Richter Martin Dr"]
[Black "Pezerovic Edin (GER)"]
[Result "0-1"]
[WhiteElo "2163"]
[BlackElo "2428"]

1.d4 Nf6 2.c4 e6 3.Nf3 Bb4+ 4.Bd2 Qe7 5.e3 b6 6.Bd3 Bb7 7.a3 Bxd2+ 8.Nbxd2 c5
9.O-O d5 10.Rc1 O-O 11.Qe2 Ne4 12.Rc2 Nd7 13.cxd5 exd5 14.Ba6 Bxa6 15.Qxa6 Nb8
16.Qb5 Nd6 17.Qa4 b5 18.Qa5 c4 19.b3 Nc6 20.Qa6 Qc7 {#R} 0-1

[Event "It (open)"]
[Site "masterchessopen.com Villa Martelli (Argentina)"]
[Date "2004.11.06"]
[Round "2"]
[White "Bernal Gustavo (ARG)"]
[Black "Valerga Diego (ARG)"]
[Result "0-1"]
[WhiteElo "2174"]
[BlackElo "2503"]

1.d4 Nf6 2.c4 e6 3.Nf3 Bb4+ 4.Nbd2 O-O 5.g3 c5 6.Bg2 cxd4 7.Nxd4 Qb6 8.Nc2 Be7
9.O-O Nc6 10.b3 d5 11.cxd5 exd5 12.Bb2 Be6 13.Nf3 Rad8 14.Ncd4 Ne4 15.Rc1 Qa6
16.Nxc6 bxc6 17.Qc2 c5 18.Ne5 Bf5 19.Nd3 Qb6 20.g4 Bxg4 21.Nf4 Bf5 {#R} 0-1

[Event "It (open)"]
[Site "masterchessopen.com Sauzal (Spain)"]
[Date "2004.11.07"]
[Round "6"]
[White "Malakhatko Vadim (BEL)"]
[Black "Barlov Dragan (SRB)"]
[Result "1-0"]
[WhiteElo "2571"]
[BlackElo "2438"]

1.d4 Nf6 2.Nf3 e6 3.c4 Bb4+ 4.Nbd2 b6 5.a3 Bxd2+ 6.Bxd2 Bb7 7.Bg5 d6 8.e3 Nbd7
9.Qc2 c5 10.Rd1 Qc7 11.dxc5 bxc5 12.Be2 Ne4 13.Bh4 h6 14.Nd2 Ndf6 15.Nxe4 Nxe4
16.Bf3 Qa5+ 17.b4 cxb4 18.O-O b3 19.Qxb3 Nc5 20.Qb2 O-O 21.Bxb7 Rab8 22.Qd2
Qxd2 23.Rxd2 Nxb7 {#r} 1-0

[Event "It (cat.7)"]
[Site "masterchessopen.com Budapest (Hungary)"]
[Date "2004.11.11"]
[Round "6"]
[White "Paschall William M (USA)"]
[Black "Ilincic Zlatko (SRB)"]
[Result "0-1"]
[WhiteElo "2394"]
[BlackElo "2522"]

1.d4 Nf6 2.c4 e6 3.Nf3 Bb4+ 4.Nbd2 d5 5.a3 Be7 6.e3 a5 7.b3 O-O 8.Bd3 b6 9.O-O
c5 10.Bb2 Nc6 11.Qe2 Bb7 12.Rfd1 a4 13.bxa4 Rxa4 14.dxc5 bxc5 15.Bc2 Ra7
16.Ng5 h6 17.Nde4 hxg5 18.Nxg5 d4 19.Qf3 Nb4 20.Qh3 Nxc2 21.Rac1 e5 22.Rxc2
Qd7 {#R} 0-1

[Event "Ch Slovakia (team) 2005/06 (1 liga) West"]
[Site "masterchessopen.com Slovakia"]
[Round "6"]
[White "Jurica Peter (SVK)"]
[Black "Mihalik Marek (SVK)"]
[Result "1-0"]
[WhiteElo "2151"]
[BlackElo "2111"]

1.Nf3 Nf6 2.d4 e6 3.c4 Bb4+ 4.Bd2 c5 5.Bxb4 cxb4 6.Nbd2 O-O 7.e4 d6 8.Be2 Qe7
9.O-O e5 10.Qc2 Nc6 11.d5 Nb8 12.a3 bxa3 13.Rxa3 Nh5 14.g3 f5 15.exf5 Bxf5
16.Bd3 Bxd3 17.Qxd3 Na6 18.Ne4 Nf6 19.Nfg5 Nc7 20.c5 Ncxd5 21.cxd6 Qd7 22.Nxh7
Qh3 23.Nexf6+ Nxf6 24.Nxf8 {#r} 1-0

[Event "It (open) \"]
[Site "masterchessopen.com Moscow (Russia)"]
[Date "2005.02.18"]
[Round "5"]
[White "Kosyrev Vladimir (RUS)"]
[Black "Kovalevskaya Ekaterina (RUS)"]
[Result "1-0"]
[WhiteElo "2530"]
[BlackElo "2457"]

1.d4 Nf6 2.c4 e6 3.Nf3 Bb4+ 4.Nbd2 O-O 5.e3 d5 6.a3 Be7 7.b4 a5 8.b5 c5 9.bxc6
bxc6 10.Bd3 Ba6 11.O-O Nbd7 12.Bb2 c5 13.Qe2 {#r} 1-0

[Event "It (open)"]
[Site "masterchessopen.com Linares (Spain)"]
[Date "2005.03.01"]
[Round "5"]
[White "Barria Daniel (CHI)"]
[Black "Szymanska Maria (POL)"]
[Result "1-0"]
[WhiteElo "2440"]
[BlackElo "2159"]

1.d4 e6 2.c4 Nf6 3.Nf3 Bb4+ 4.Nbd2 b6 5.a3 Bxd2+ 6.Bxd2 Ne4 7.Be3 Bb7 8.g3 d6
9.Bg2 Nd7 10.O-O f5 11.Ng5 Qe7 12.Nxe4 fxe4 13.Qc2 Nf6 14.Bg5 d5 15.cxd5 exd5
16.Rac1 O-O-O 17.Bf4 Ne8 18.f3 Nd6 19.Bg5 Qd7 20.Bh3 {#r} 1-0

[Event "It (open)"]
[Site "masterchessopen.com Deizisau (Germany)"]
[Date "2005.03.25"]
[Round "2"]
[White "Eljanov Pavel (UKR)"]
[Black "Schulz Karsten (GER)"]
[Result "0-1"]
[WhiteElo "2663"]
[BlackElo "2314"]

1.d4 Nf6 2.c4 e6 3.Nf3 Bb4+ 4.Bd2 a5 5.Nc3 b6 6.Bg5 Bb7 7.e3 d6 8.Qc2 h6 9.Bh4
g5 10.Bg3 Ne4 11.Bd3 f5 12.d5 exd5 13.cxd5 Bxd5 14.O-O-O Bxc3 15.Bxe4 Bxe4
16.Qxc3 O-O 17.Nd4 Na6 18.Ne6 Qe7 19.Nxf8 Qxf8 20.f3 Bb7 21.h4 Qg7 22.hxg5
hxg5 23.Qc4+ Kf8 24.Rxd6 {#R} 0-1

[Event "Cup Torch Real Estate"]
[Site "masterchessopen.com Jinan (China)"]
[Date "2005.04.21"]
[Round "2"]
[White "Zhou Jianchao (CHN)"]
[Black "Yuan Jun (CHN)"]
[Result "1-0"]
[WhiteElo "2516"]
[BlackElo "2306"]

1.d4 Nf6 2.c4 e6 3.Nf3 Bb4+ 4.Bd2 c5 5.Bxb4 cxb4 6.g3 O-O 7.Bg2 d6 8.O-O Re8
9.Nbd2 a5 10.a3 Na6 11.Ne1 e5 12.Nc2 Qb6 13.c5 dxc5 14.dxe5 Ng4 15.Nc4 Qe6
16.Nxa5 bxa3 17.Rxa3 Qh6 18.h4 Nxe5 19.Qd5 Qb6 20.Nxb7 Ra7 21.Nd6 {#r} 1-0

[Event "Ch Armenia (w)"]
[Site "masterchessopen.com Yerevan (Armenia)"]
[Round "8"]
[White "Gasparian Narine (ARM)"]
[Black "Darbinian Nune (ARM)"]
[Result "1-0"]
[WhiteElo "2227"]
[BlackElo "2098"]

1.d4 Nf6 2.Nf3 e6 3.c4 Bb4+ 4.Bd2 c5 5.Bxb4 cxb4 6.Nbd2 O-O 7.e4 d6 8.Be2 Nc6
9.O-O Qb6 10.d5 exd5 11.cxd5 Nd4 12.Rc1 Re8 13.Nc4 Nxe2+ 14.Qxe2 Qa6 15.Nfd2
Nxd5 16.Qf3 Nf6 17.Qg3 d5 18.exd5 Nxd5 19.Nd6 Rd8 20.N2e4 f5 21.Qe5 Nf4
22.Qxf4 fxe4 23.Qf7+ Kh8 24.Ne8 {#r} 1-0

[Event "It (open) \"]
[Site "masterchessopen.com Berlin (Germany)"]
[Date "2005.05.05"]
[Round "2"]
[White "Rudolph Stephanie (GER)"]
[Black "Tsoumanis Konstantinos (GER)"]
[Result "1-0"]
[WhiteElo "1882"]
[BlackElo "1554"]

1.d4 Nf6 2.c4 e6 3.Nf3 Bb4+ 4.Nbd2 c5 5.a3 Bxd2+ 6.Bxd2 cxd4 7.Nxd4 Qb6 8.Nb5
a6 9.Be3 Qc6 10.Nd6+ Ke7 11.c5 Nd5 12.Bd4 f6 13.e4 Nf4 14.Qg4 Ng6 15.e5 Qc7
16.exf6+ gxf6 17.Bd3 Rg8 18.Qh3 Rg7 19.Qh6 Kf8 20.Bxf6 {#r} 1-0

[Event "It (open)"]
[Site "masterchessopen.com Oberstdorf (Germany)"]
[Date "2005.07.10"]
[Round "2"]
[White "Graf Joachim (GER)"]
[Black "Sakowski Christian (GER)"]
[Result "1-0"]
[WhiteElo "2143"]
[BlackElo "1978"]

1.d4 Nf6 2.Nf3 e6 3.c4 Bb4+ 4.Bd2 Bxd2+ 5.Nbxd2 b6 6.g3 Bb7 7.Qc2 d6 8.Bg2
Nbd7 9.O-O O-O 10.Rad1 c5 11.e4 Qc7 12.Rfe1 e5 13.dxe5 dxe5 14.Nf1 Rfd8 15.Nh4
Nf8 16.Ne3 Ne6 17.Nd5 Nxd5 18.exd5 Nd4 19.Qe4 f6 20.d6 Qc6 21.Rxd4 exd4
22.Qe6+ {#r} 1-0

[Event "Memorial Karl Mala (open)"]
[Site "masterchessopen.com Frankfurt (Germany)"]
[Date "2005.07.28"]
[Round "1"]
[White "Iwanziw Niklas (GER)"]
[Black "Fassmann Kurt (GER)"]
[Result "0-1"]
[WhiteElo "1975"]
[BlackElo "2065"]

1.d4 Nf6 2.c4 e6 3.Nf3 Bb4+ 4.Bd2 Bxd2+ 5.Nbxd2 c5 6.e3 O-O 7.Bd3 d5 8.O-O Nc6
9.Nb3 cxd4 10.exd4 b6 11.Re1 Nb4 12.Be2 dxc4 13.Bxc4 Bb7 14.a3 Bxf3 15.Qxf3
Nc2 16.Rac1 Nxe1 17.Rxe1 Rc8 18.Bd3 Qd5 19.Qxd5 Nxd5 20.h3 Rc7 21.Rd1 a5
22.Nc1 Nf4 23.Bb1 Rxc1 {#R} 0-1

[Event "Ch American Continent"]
[Site "masterchessopen.com Buenos Aires (Argentina)"]
[Date "2005.08.08"]
[Round "3"]
[White "Guerrero Alvaro (URU)"]
[Black "Tobares Leandro (ARG)"]
[Result "1-0"]
[WhiteElo "2179"]
[BlackElo "2217"]

1.d4 Nf6 2.Nf3 e6 3.c4 Bb4+ 4.Nbd2 d5 5.Qa4+ Nc6 6.e3 O-O 7.Bd3 Ne4 8.O-O f5
9.a3 Bd6 10.b4 dxc4 11.Nxc4 Bd7 12.Qc2 Ng5 13.Nxg5 Qxg5 14.f4 Qe7 15.b5 Nd8
16.a4 Rc8 17.Qb3 Nf7 18.Rf3 Kh8 19.Bb2 Rg8 20.Raf1 c6 21.Rh3 cxb5 22.axb5 Qe8
23.Qd1 Bf8 {#r} 1-0

[Event "Ch American Continent"]
[Site "masterchessopen.com Buenos Aires (Argentina)"]
[Date "2005.08.15"]
[Round "11"]
[White "Diaz Genara (CHI)"]
[Black "Alza Agustin (ARG)"]
[Result "0-1"]
[WhiteElo "1794"]
[BlackElo "2115"]

1.d4 Nf6 2.c4 e6 3.Nf3 Bb4+ 4.Bd2 c5 5.e3 O-O 6.Bxb4 cxb4 7.a3 bxa3 8.Rxa3 d5
9.cxd5 Nxd5 10.Nc3 b6 11.Bc4 Nf6 12.O-O Bb7 13.Qe2 Qe7 14.Rd1 Rd8 15.h3 h6
16.Rda1 Nc6 17.Ne5 Na5 18.Bd3 Nd7 19.Nc4 Nxc4 20.Bxc4 a5 21.Bb5 e5 22.Na4 exd4
23.Bxd7 Qxd7 24.Nxb6 Qc6 {#R} 0-1

[Event "Ch Germany (seniors)"]
[Site "masterchessopen.com Essen (Germany)"]
[Date "2005.08.28"]
[Round "8"]
[White "Ladstetter Josef (GER)"]
[Black "Klatt Theodor (GER)"]
[Result "1-0"]
[WhiteElo "2082"]
[BlackElo "1951"]

1.d4 Nf6 2.c4 e6 3.Nf3 Bb4+ 4.Bd2 a5 5.a3 Bxd2+ 6.Qxd2 O-O 7.Nc3 d5 8.e3 c6
9.Bd3 Nbd7 10.O-O Re8 11.Rfe1 e5 12.e4 exd4 13.Nxd4 dxc4 14.Bxc4 Ne5 15.Ba2
Be6 16.Rad1 Bxa2 17.Nxa2 Qb6 18.Qc2 Rad8 19.Nf3 Rxd1 20.Rxd1 Nxe4 21.Qxe4 Qb3
22.Nc3 Qxb2 23.Qxe5 {#r} 1-0

[Event "It (open)"]
[Site "masterchessopen.com Albacete (Spain)"]
[Date "2005.09.02"]
[Round "2"]
[White "Gonzalez Berruga Ana Isabel (ESP)"]
[Black "Vehi Bach Victor M (ESP)"]
[Result "0-1"]
[WhiteElo "2032"]
[BlackElo "2416"]

1.d4 Nf6 2.c4 e6 3.Nf3 Bb4+ 4.Bd2 Qe7 5.Qc2 Bxd2+ 6.Nbxd2 d6 7.c5 O-O 8.cxd6
cxd6 9.Ne4 e5 10.dxe5 dxe5 11.e3 Nc6 12.Nxf6+ Qxf6 13.Be2 Bf5 14.Qb3 e4 15.Nd2
Rfd8 16.Rd1 Qg6 17.g4 Bxg4 18.Qxb7 Bxe2 19.Kxe2 Rab8 20.Qc7 Qg4+ 21.Ke1 Nb4
{#R} 0-1